| 000 | 00345nam a2200121Ia 4500 | ||
|---|---|---|---|
| 005 | 20251222144643.0 | ||
| 008 | 251222s9999||||xx |||||||||||||| ||spa|| | ||
| 082 | _a371.2/V66 | ||
| 100 | _aVillasante Rivera, Estanislao | ||
| 245 | 0 | _aLegislación y Administración Educativa | |
| 264 | _bPontificia Universidad Católica Del Perú | ||
| 942 | _cLIB | ||
| 999 |
_c16756 _d16756 |
||